<?xml version="1.0" encoding="UTF-8"?><marc:collection xmlns:marc="http://www.loc.gov/MARC21/slim">
  <marc:record>
    <marc:leader>00000nam##2200000za#4500</marc:leader>
    <marc:controlfield tag="001">9.644675</marc:controlfield>
    <marc:controlfield tag="003">CaOODSP</marc:controlfield>
    <marc:controlfield tag="005">20250509090418</marc:controlfield>
    <marc:controlfield tag="007">ta</marc:controlfield>
    <marc:controlfield tag="008">150407|1993||||xxc|||||     f|0| 0 eng|d</marc:controlfield>
    <marc:datafield tag="020" ind1=" " ind2=" ">
      <marc:subfield code="a">0-660-15144-8</marc:subfield>
    </marc:datafield>
    <marc:datafield tag="040" ind1=" " ind2=" ">
      <marc:subfield code="a">CaOODSP</marc:subfield>
      <marc:subfield code="b">eng</marc:subfield>
    </marc:datafield>
    <marc:datafield tag="043" ind1=" " ind2=" ">
      <marc:subfield code="a">n-cn---</marc:subfield>
    </marc:datafield>
    <marc:datafield tag="086" ind1="1" ind2=" ">
      <marc:subfield code="a">SW45-1/1993E</marc:subfield>
    </marc:datafield>
    <marc:datafield tag="110" ind1="1" ind2=" ">
      <marc:subfield code="a">Canada.</marc:subfield>
      <marc:subfield code="b">Canadian Panel on Violence against Women.</marc:subfield>
    </marc:datafield>
    <marc:datafield tag="245" ind1="1" ind2="0">
      <marc:subfield code="a">Changing the landscape: ending violence, achieving equality: final report / </marc:subfield>
      <marc:subfield code="c">by Pat Freeman Marshall and Marthe Asselin Vaillancourt. </marc:subfield>
    </marc:datafield>
    <marc:datafield tag="260" ind1=" " ind2=" ">
      <marc:subfield code="a">Ottawa - Ontario : </marc:subfield>
      <marc:subfield code="b">Canadian Panel on Violence against Women </marc:subfield>
      <marc:subfield code="c">1993.</marc:subfield>
    </marc:datafield>
    <marc:datafield tag="300" ind1=" " ind2=" ">
      <marc:subfield code="a">452p. in various pagings. : </marc:subfield>
      <marc:subfield code="b">references, tables ; </marc:subfield>
      <marc:subfield code="c">28 cm.</marc:subfield>
    </marc:datafield>
    <marc:datafield tag="500" ind1=" " ind2=" ">
      <marc:subfield code="a">Contents: Co-Chairs' message.--The context.--Experiencing violence: forms.--Experiencing violence: populations.--Experiencing violence: institutions.--The National Action Plan.--Appendices. N.B.: Several copies of this publication were produced with an incorrect catalogue number (SW45-3/1993E) printed in them.</marc:subfield>
    </marc:datafield>
    <marc:datafield tag="520" ind1="3" ind2=" ">
      <marc:subfield code="a">Canadian women pay a high price for society's tolerance of violence and inequality toward them. How high a price was revealed in the grim reality of women's stories as the Panel made its unique and sometimes haunting journey across Canada. All women are vulnerable. But many Aboriginal women, older women, poor women, women of colour, immigrant women, and women with disabilities told of unspeakable suffering. Arguing that much of what women endure is preventable, the Panel outlines a National Action Plan, a blueprint for changing society that calls for zero tolerance of violence against women. Established by the federal government in August 1991, the Panel was asked to develop a National Action Plan to end violence against women in Canada. The findings of the Panel are discussed in four components: a Final Report, Executive Summary/National Action Plan, a Community Kit, and Community Stories.</marc:subfield>
    </marc:datafield>
    <marc:datafield tag="563" ind1=" " ind2=" ">
      <marc:subfield code="a">Softcover</marc:subfield>
    </marc:datafield>
    <marc:datafield tag="590" ind1=" " ind2=" ">
      <marc:subfield code="a">93-31</marc:subfield>
      <marc:subfield code="b">1993-08-06</marc:subfield>
    </marc:datafield>
    <marc:datafield tag="690" ind1="0" ind2="7">
      <marc:subfield code="a">Violence against women</marc:subfield>
      <marc:subfield code="2">gcpds</marc:subfield>
    </marc:datafield>
    <marc:datafield tag="720" ind1="1" ind2=" ">
      <marc:subfield code="a">Marshall, Pat Freeman</marc:subfield>
    </marc:datafield>
    <marc:datafield tag="720" ind1="1" ind2=" ">
      <marc:subfield code="a">Vaillancourt, Marthe Asselin</marc:subfield>
    </marc:datafield>
    <marc:datafield tag="775" ind1="0" ind2="8">
      <marc:subfield code="t">Un nouvel horizon: éliminer la violence, atteindre l'égalité: rapport final </marc:subfield>
      <marc:subfield code="w">(CaOODSP)9.678574</marc:subfield>
    </marc:datafield>
    <marc:datafield tag="776" ind1="0" ind2="#">
      <marc:subfield code="t">Final report of the Canadian Panel on Violence Against Women.</marc:subfield>
      <marc:subfield code="w">(CaOODSP)9.950972</marc:subfield>
    </marc:datafield>
  </marc:record>
</marc:collection>
